Introduction to behavioural ecology (Record no. 16814)

MARC details
000 -LEADER
fixed length control field 01080nam a2200349Ia 4500
003 - CONTROL NUMBER IDENTIFIER
control field OSt
005 - DATE AND TIME OF LATEST TRANSACTION
control field 20220912144728.0
008 - FIXED-LENGTH DATA ELEMENTS--GENERAL INFORMATION
fixed length control field 220909b |||||||| |||| 00| 0 eng d
020 ## - INTERNATIONAL STANDARD BOOK NUMBER
International Standard Book Number 9781405114165 (pbk)
020 ## - INTERNATIONAL STANDARD BOOK NUMBER
International Standard Book Number SL01558822
037 ## - SOURCE OF ACQUISITION
Terms of availability Textbook
040 ## - CATALOGING SOURCE
Original cataloging agency CSL
Language of cataloging eng
Transcribing agency CSL
041 ## - LANGUAGE CODE
Language code of text/sound track or separate title eng
100 ## - MAIN ENTRY--PERSONAL NAME
Personal name Davies Nicholas B; Krebs John R; West Stuart A
245 #0 - TITLE STATEMENT
Title Introduction to behavioural ecology
250 ## - EDITION STATEMENT
Edition statement 4
260 ## - PUBLICATION, DISTRIBUTION, ETC.
Place of publication, distribution, etc. West Sessex
Name of publisher, distributor, etc. JohnWiley
Date of publication, distribution, etc. 2012
300 ## - PHYSICAL DESCRIPTION
Extent xiii,506p.
500 ## - GENERAL NOTE
General note Reference 442-488p.; Index 489-502p.
650 ## - SUBJECT ADDED ENTRY--TOPICAL TERM
Topical term or geographic name entry element Behavioural ecology
650 ## - SUBJECT ADDED ENTRY--TOPICAL TERM
Topical term or geographic name entry element Ecology
650 ## - SUBJECT ADDED ENTRY--TOPICAL TERM
Topical term or geographic name entry element Ecology- evolution
650 ## - SUBJECT ADDED ENTRY--TOPICAL TERM
Topical term or geographic name entry element Zoology
700 ## - ADDED ENTRY--PERSONAL NAME
Personal name Davies Nicholas B; Krebs John R; West Stuart A
942 ## - ADDED ENTRY ELEMENTS (KOHA)
Classification part G:66, M1;Q2 TK
Koha item type Textbook
Source of classification or shelving scheme Colon Classification (CC)
Holdings
Withdrawn status Lost status Damaged status Not for loan Home library Current library Date acquired Source of acquisition Total Checkouts Full call number Barcode Date last seen Price effective from Koha item type
        Central Science Library Central Science Library 2022-09-12 1785, 16/08/2012, Ashutosh Technical Books   G:66 M1;Q2 TK SL1558822 2022-09-12 2022-09-12 Textbook
Copyright @ Delhi University Library System